000 00451nam a2200181Ia 4500
001 20892
005 20260306172839.0
008 260306t2022||||xx |||||||||||||| ||spa||
041 _aESP
082 _a343.8
_bO73
100 _aOrtega Salavarria, Rosa
_eAUT
245 0 _aCasuística aplicada a la tributación empresarial
260 _c2022
300 _a478 páginas :
_c25 cm.
650 _aGEN
654 _aCCO
942 _cLIB
_dJUS
_fJUS
_2ddc
_n
999 _c20892
_d20892